| 000 | 00645nom a22001937a 4500 | ||
|---|---|---|---|
| 005 | 20220609143637.0 | ||
| 008 | 190718b xxu||||| |||| 00| 0 spa d | ||
| 041 | _aeng | ||
| 082 | _aManiquí de prácticas para reanimación cardiopulmonar | ||
| 245 | _aManiquí de prácticas para reanimación cardiopulmonar | ||
| 300 | _a10.4 Kg | ||
| 300 | _b78 cm | ||
| 300 | _cNo definido | ||
| 500 | _aContiene 10 boquillas y 10 sistemas de vías respiratorias. Se prestan para el mismo día, hasta las 7:50 pm | ||
| 650 |
_aMODELOS ANATÓMICOS _963583 |
||
| 650 |
_x _aREANIMACIÓN CARDIOPULMONAR _9409 |
||
| 650 |
_aRCP _9412 |
||
| 942 | _cMA | ||
| 999 |
_c12133 _d12133 |
||